GMDSS handbook : handbook on the global maritime distress and safety system.

Corporate Author: International Maritime Organization
Language:English
Published: London: International Maritime Organization, 2001.
Edition:3rd ed..
Subjects:
LEADER 00709cam a2200193 7i4500
001 0000037180
005 20091112090000.0
008 091112s2001 enkab h eng
020 # 0 |a 9280150987  
090 0 0 |a VK 397   |b .H3 2001 
245 0 0 |a GMDSS handbook :   |b handbook on the global maritime distress and safety system. 
250 # # |a 3rd ed.. 
260 # # |a London:   |b International Maritime Organization,   |c 2001. 
300 # # |a 1 v. (various pagings):   |b ill.some col., maps;   |c 30 cm.. 
650 0 0 |a Artificial satellites in navigation  
650 0 0 |a Navigation --   |x Safety measures  
650 0 0 |a Radio in navigation  
710 2 1 |a International Maritime Organization  
999 |a 1100020905  |b Book  |c Rujukan  |e KOLEKSI RUJUKAN